[Event "Dombai"]
[Site "Dombai"]
[Date "2010.12.28"]
[Round "8"]
[White "Eryomenko, Volodymyr"]
[Black "Kornyukov, Alexey"]
[Result "1/2-1/2"]
[WhiteElo "2515"]
[BlackElo "2474"]
[PlyCount "27"]
[EventDate "2010.12.21"]
[EventType "swiss"]
[EventRounds "9"]
[EventCountry "RUS"]
[EventCategory "6"]
[SourceTitle "CBM 140 Extra"]
[Source "ChessBase"]
[SourceDate "2011.03.01"]
[SourceVersion "1"]
[SourceVersionDate "2011.03.01"]
[SourceQuality "1"]

1. e4 c5 2. Nf3 Nc6 3. Nc3 g6 4. d3 Bg7 5. g3 d6 6. Bg2 Bg4 7. h3 Bxf3 8. Bxf3 Nd4 9. Bg2 e6 10. 0-0 Ne7 11. Be3 Nec6 12. Kh2 0-0 13. Qd2 b5 14. Nd1 1/2-1/2

[Event "Dombai"]
[Site "Dombai"]
[Date "2010.12.22"]
[Round "2"]
[White "Biriukov, Nikolai"]
[Black "Eryomenko, Volodymyr"]
[Result "1/2-1/2"]
[WhiteElo "2361"]
[BlackElo "2515"]
[PlyCount "20"]
[EventDate "2010.12.21"]
[EventType "swiss"]
[EventRounds "9"]
[EventCountry "RUS"]
[EventCategory "6"]
[SourceTitle "CBM 140 Extra"]
[Source "ChessBase"]
[SourceDate "2011.03.01"]
[SourceVersion "1"]
[SourceVersionDate "2011.03.01"]
[SourceQuality "1"]

1. Nf3 Nf6 2. d4 e6 3. e3 b6 4. b3 Bb7 5. Bb2 Be7 6. Bd3 0-0 7. 0-0 c5 8. Nbd2 Nc6 9. c4 d5 10. Ne5 Rc8 1/2-1/2

[Event "Azov Don Cup"]
[Site "Azov"]
[Date "2010.07.20"]
[Round "9"]
[White "Eryomenko, Volodymyr"]
[Black "Kiselev, Vitaliy1111"]
[Result "1/2-1/2"]
[WhiteElo "2512"]
[BlackElo "2536"]
[PlyCount "129"]
[EventDate "2010.07.13"]
[EventType "tourn"]
[EventRounds "11"]
[EventCountry "RUS"]
[EventCategory "6"]
[SourceTitle "EXT 2011"]
[Source "ChessBase"]
[SourceDate "2010.11.26"]
[SourceVersion "1"]
[SourceVersionDate "2010.11.26"]
[SourceQuality "1"]

1. e4 c5 2. Nf3 d6 3. d4 cxd4 4. Nxd4 Nf6 5. Nc3 h6 6. Be3 Nc6 7. Bb5 Bd7 8. 0-0 e6 9. Qf3 Be7 10. Qg3 Nxd4 11. Bxd4 Bxb5 12. Nxb5 e5 13. Be3 Qd7 14. Nc3 Qg4 15. Qxg4 Nxg4 16. Nd5 Kd7 17. c4 Rhc8 18. b3 Nf6 19. Nxf6+ Bxf6 20. g3 a5 21. a4 Rc6 22. Rad1 Bd8 23. f4 exf4 24. gxf4 Bb6 25. Bxb6 Rxb6 26. Rf3 Re8 27. e5 Ke7 28. Rd5 Ra8 29. Re3 dxe5 30. Rexe5+ Kf6 31. Re3 Rb4 32. Rd7 Ra6 33. Ree7 Rxb3 34. Rxf7+ Kg6 35. Rxg7+ Kf5 36. Rxb7 Ra3 37. Kg2 Rxa4 38. Rgf7+ Ke4 39. Rbe7+ Kd4 40. f5 Rxc4 41. Re6 Rcc6 42. Rxc6 Rxc6 43. Ra7 Ke4 44. Rxa5 Kf4 45. Kh3 Kg5 46. Ra3 Rc5 47. Rg3+ Kxf5 48. Kh4 Rc2 49. h3 Rc5 50. Rb3 Kf6 51. Rb6+ Kg7 52. Kg3 Rc4 53. Re6 h5 54. Kf3 Rc3+ 55. Re3 Rxe3+ 56. Kxe3 Kf6 57. Kf4 Kg6 58. Ke4 Kg5 59. Kf3 Kf5 60. Ke3 Ke5 61. h4 Kf5 62. Kf3 Ke5 63. Ke3 Kf5 64. Kf3 Ke5 65. Ke3 1/2-1/2

[Event "Azov Don Cup"]
[Site "Azov"]
[Date "2010.07.17"]
[Round "6"]
[White "Akbaev, Kazbek"]
[Black "Eryomenko, Volodymyr"]
[Result "1/2-1/2"]
[WhiteElo "2485"]
[BlackElo "2512"]
[PlyCount "32"]
[EventDate "2010.07.13"]
[EventType "tourn"]
[EventRounds "11"]
[EventCountry "RUS"]
[EventCategory "6"]
[SourceTitle "EXT 2011"]
[Source "ChessBase"]
[SourceDate "2010.11.26"]
[SourceVersion "1"]
[SourceVersionDate "2010.11.26"]
[SourceQuality "1"]

1. e4 d6 2. d4 g6 3. Nc3 a6 4. Nf3 Bg7 5. Be3 b5 6. a4 b4 7. Nd5 Nc6 8. Qd2 Rb8 9. c3 Na5 10. Nxb4 Nb3 11. Nc6 Nxd2 12. Nxd2 Rxb2 13. Nxd8 Kxd8 14. Nc4 Rb8 15. Bd3 Nh6 16. h3 f5 1/2-1/2

[Event "Azov Don Cup"]
[Site "Azov"]
[Date "2010.07.14"]
[Round "2"]
[White "Yamnov, Dmitry"]
[Black "Eryomenko, Volodymyr"]
[Result "0-1"]
[WhiteElo "2150"]
[BlackElo "2512"]
[PlyCount "92"]
[EventDate "2010.07.13"]
[EventType "tourn"]
[EventRounds "11"]
[EventCountry "RUS"]
[EventCategory "6"]
[SourceTitle "EXT 2011"]
[Source "ChessBase"]
[SourceDate "2010.11.26"]
[SourceVersion "1"]
[SourceVersionDate "2010.11.26"]
[SourceQuality "1"]

1. e4 c5 2. Nf3 Nc6 3. d4 cxd4 4. Nxd4 Nf6 5. Nc3 d6 6. Bg5 e6 7. Qd2 a6 8. 0-0-0 h6 9. Be3 Bd7 10. f4 b5 11. Bd3 Be7 12. Rhe1 0-0 13. Nxc6 Bxc6 14. Bd4 b4 15. Nb1 e5 16. fxe5 dxe5 17. Bxe5 Qa5 18. Bd4 Rfd8 19. c3 Rac8 20. e5 Rxd4 21. exf6 Bxf6 22. cxd4 Ba4+ 23. Bc2 Bg5 24. b3 Bxb3 25. axb3 Qa2 26. Re8+ Rxe8 27. Qxg5 hxg5 28. g3 Rc8 29. Rd2 Qxb3 30. d5 Qa2 31. Kd1 Rxc2 32. Rxc2 Qxb1+ 33. Kd2 b3 34. Rc8+ Kh7 35. d6 Qa2+ 36. Ke3 Qxh2 37. Kf3 g4+ 38. Kxg4 Qe2+ 39. Kh4 g6 40. Kh3 Qe6+ 41. Kh2 Qxc8 42. Kg2 b2 43. Kh2 Qc2+ 44. Kh3 b1Q 45. Kh4 Qh2+ 46. Kg4 Qf5# 0-1

[Event "Azov Don Cup"]
[Site "Azov"]
[Date "2010.07.13"]
[Round "1"]
[White "Eryomenko, Volodymyr"]
[Black "Malimonenko, Vita"]
[Result "1-0"]
[WhiteElo "2512"]
[BlackElo "2222"]
[PlyCount "87"]
[EventDate "2010.07.13"]
[EventType "tourn"]
[EventRounds "11"]
[EventCountry "RUS"]
[EventCategory "6"]
[SourceTitle "EXT 2011"]
[Source "ChessBase"]
[SourceDate "2010.11.26"]
[SourceVersion "1"]
[SourceVersionDate "2010.11.26"]
[SourceQuality "1"]

1. e4 c5 2. Nf3 d6 3. d4 cxd4 4. Nxd4 Nf6 5. Nc3 a6 6. Bg5 e6 7. f4 Qb6 8. Qd2 Qxb2 9. Rb1 Qa3 10. e5 dxe5 11. fxe5 Nfd7 12. Ne4 h6 13. Bh4 Qxa2 14. Rd1 Qd5 15. Qe3 Qxe5 16. Be2 Bc5 17. Bg3 Qd5 18. Bf3 0-0 19. Qc3 e5 20. Nb3 Bd4 21. Nxd4 exd4 22. Rxd4 Qe6 23. Rd6 Qe7 24. Rd2 Nf6 25. Bd6 Nxe4 26. Bxe7 Nxc3 27. Bxf8 Nc6 28. Bxc6 bxc6 29. Rd8 Bb7 30. Rxa8 Bxa8 31. Be7 c5 32. Bxc5 Bxg2 33. Rg1 Ne4 34. Bd4 Ng5 35. Rxg2 Nf3+ 36. Ke2 Nxd4+ 37. Kd3 Ne6 38. Ke4 Kf8 39. Rf2 g5 40. Kd5 Ke7 41. c4 h5 42. c5 g4 43. Kc6 h4 44. Kb6 1-0

[Event "Dnipropetrovsk"]
[Site "Dnipropetrovsk"]
[Date "2006.10.07"]
[Round "14"]
[White "Maximov, Dmitry"]
[Black "Eryomenko, Volodymyr"]
[Result "1-0"]
[WhiteElo "2402"]
[BlackElo "2373"]
[PlyCount "67"]
[EventDate "2006.09.27"]
[EventType "tourn"]
[EventRounds "14"]
[EventCountry "UKR"]
[EventCategory "7"]
[SourceTitle "EXT 2023"]
[Source "ChessBase"]
[SourceDate "2022.10.05"]
[SourceVersion "1"]
[SourceVersionDate "2022.10.05"]
[SourceQuality "1"]

1. e4 e6 2. d4 d5 3. e5 c5 4. c3 Nc6 5. Nf3 Qb6 6. a3 Bd7 7. b4 cxd4 8. cxd4 Rc8 9. Be3 Nh6 10. Bd3 Ng4 11. Nbd2 Nxe3 12. fxe3 Be7 13. Nb3 0-0 14. h4 f6 15. exf6 Bxf6 16. Nc5 Qc7 17. Ra2 b6 18. Nxd7 Qxd7 19. g4 Kh8 20. b5 Na5 21. g5 Be7 22. Ne5 Qe8 23. Qb1 g6 24. h5 Bxg5 25. Rg2 Bxe3 26. hxg6 Rc7 27. g7+ Rxg7 28. Bxh7 Rxg2 29. Bg6+ Kg8 30. Bxe8 Rg7 31. Bg6 Rf6 32. Bh7+ Kf8 33. Qb4+ Ke8 34. Bg6+ 1-0

[Event "Pardubice op-A"]
[Site "Pardubice"]
[Date "2005.07.27"]
[Round "6"]
[White "Priborsky, Ivo"]
[Black "Eryomenko, Volodymyr"]
[Result "1/2-1/2"]
[WhiteElo "2240"]
[BlackElo "2386"]
[PlyCount "95"]
[EventDate "2005.07.22"]
[EventType "swiss"]
[EventRounds "9"]
[EventCountry "CZE"]
[SourceTitle "CBM 107 Extra"]
[Source "ChessBase"]
[SourceDate "2005.09.01"]
[SourceVersion "1"]
[SourceVersionDate "2005.09.01"]
[SourceQuality "1"]

1. d4 f5 2. g3 Nf6 3. Bg2 g6 4. Nf3 Bg7 5. 0-0 0-0 6. b3 d6 7. Bb2 Ne4 8. Nbd2 Nc6 9. c4 e5 10. dxe5 Nxd2 11. Qxd2 Nxe5 12. Nxe5 dxe5 13. Qxd8 Rxd8 14. Rad1 Re8 15. Bd5+ Kh8 16. Bf7 Rf8 17. Ba3 Rxf7 18. Rd8+ Bf8 19. Bxf8 Rd7 20. Re8 Kg8 21. Bb4+ Kf7 22. Rxe5 b6 23. Rd5 c5 24. Rxd7+ Bxd7 25. Rd1 Ke6 26. Bd2 Bc6 27. Bf4 Rc8 28. h4 Ke7 29. f3 Re8 30. Kf2 Kf7 31. Rd6 Re6 32. Rd2 Re8 33. a4 Rc8 34. Rd6 Ke7 35. h5 Be8 36. hxg6 hxg6 37. a5 Rc6 38. Rxc6 Bxc6 39. axb6 axb6 40. Ke3 b5 41. cxb5 Bxb5 42. Kd2 c4 43. b4 c3+ 44. Kxc3 Bxe2 45. Kd4 Bxf3 46. Ke5 Kd7 47. Kf6 Kc6 48. Kxg6 1/2-1/2

[Event "Pardubice op-A"]
[Site "Pardubice"]
[Date "2005.07.23"]
[Round "2"]
[White "Mojzis, Jan"]
[Black "Eryomenko, Volodymyr"]
[Result "1/2-1/2"]
[WhiteElo "2217"]
[BlackElo "2386"]
[PlyCount "35"]
[EventDate "2005.07.22"]
[EventType "swiss"]
[EventRounds "9"]
[EventCountry "CZE"]
[SourceTitle "CBM 107 Extra"]
[Source "ChessBase"]
[SourceDate "2005.09.01"]
[SourceVersion "1"]
[SourceVersionDate "2005.09.01"]
[SourceQuality "1"]

1. e4 e6 2. d4 d5 3. Nd2 a6 4. Ngf3 c5 5. exd5 exd5 6. dxc5 Bxc5 7. Nb3 Ba7 8. Bg5 Nf6 9. Qe2+ Be6 10. Nfd4 Qd7 11. Bxf6 gxf6 12. 0-0-0 Nc6 13. Qf3 f5 14. Qf4 Bb8 15. Qh6 Bd6 16. f4 Ne7 17. g3 Ng6 18. Bd3 1/2-1/2

[Event "UKR-ch U16"]
[Site "Dnipropetrovsk"]
[Date "2003.??.??"]
[Round "3"]
[White "Eryomenko, Volodymyr"]
[Black "Kononenko, Dmitry"]
[Result "0-1"]
[WhiteElo "2372"]
[BlackElo "2443"]
[PlyCount "86"]
[EventDate "2003.03.??"]
[EventType "tourn"]
[EventRounds "11"]
[EventCountry "UKR"]
[SourceTitle "EXT 2004"]
[Source "ChessBase"]
[SourceDate "2003.11.25"]
[SourceVersion "1"]
[SourceVersionDate "2003.11.25"]
[SourceQuality "1"]

1. d4 Nf6 2. c4 g6 3. Nc3 Bg7 4. e4 d6 5. f4 0-0 6. Nf3 c5 7. d5 e6 8. Be2 exd5 9. exd5 Nh5 10. 0-0 Bxc3 11. bxc3 f5 12. Ng5 Ng7 13. Bf3 Nd7 14. Qe1 Nf6 15. Qh4 b6 16. Re1 Ba6 17. Ne6 Nxe6 18. dxe6 Qe7 19. Bxa8 Rxa8 20. Be3 Re8 21. a4 Bxc4 22. a5 b5 23. Rad1 Ne4 24. Qxe7 Rxe7 25. Rxd6 Nxd6 26. Bxc5 Nc8 27. Bxe7 Nxe7 28. Re5 Kg7 29. Rc5 a6 30. Rc7 Kf6 31. Ra7 b4 32. cxb4 Kxe6 33. Kf2 h6 34. Ke3 Bb5 35. Rb7 Nc6 36. Rb6 g5 37. fxg5 hxg5 38. g3 g4 39. Rb7 Nxb4 40. Rh7 Ke5 41. Re7+ Kf6 42. Rh7 Kg6 43. Rh8 Nc6 0-1

[Event "UKR-chT 10th"]
[Site "Alushta"]
[Date "2002.04.17"]
[Round "8"]
[White "Eljanov, Pavel"]
[Black "Eryomenko, Volodymyr"]
[Result "1-0"]
[WhiteElo "2540"]
[BlackElo "2325"]
[PlyCount "79"]
[EventDate "2002.04.09"]
[EventType "team-swiss"]
[EventRounds "9"]
[EventCountry "UKR"]
[SourceTitle "EXT 2019"]
[Source "ChessBase"]
[SourceDate "2018.10.10"]
[SourceVersion "1"]
[SourceVersionDate "2018.10.10"]
[SourceQuality "1"]
[WhiteTeam "Kharkov Law Academy"]
[BlackTeam "Odesa Ukrgazifikatsiya Yug"]
[WhiteTeamCountry "UKR"]
[BlackTeamCountry "UKR"]

1. d4 f5 2. g3 Nf6 3. Bg2 g6 4. Nf3 Bg7 5. c4 0-0 6. b4 c6 7. Bb2 d6 8. 0-0 e5 9. dxe5 Ng4 10. c5 Nxe5 11. Qb3+ Kh8 12. Nbd2 Nxf3+ 13. Nxf3 dxc5 14. Bxg7+ Kxg7 15. bxc5 Nd7 16. Rad1 Qe7 17. Rd6 Nf6 18. Nd4 Ne8 19. Nxc6 bxc6 20. Bxc6 Nxd6 21. cxd6 Qxd6 22. Bxa8 Qe5 23. Bf3 Be6 24. Qa4 Rf7 25. e3 Rc7 26. Rd1 Qc5 27. h4 Qc4 28. Qa5 Qc5 29. Qa6 Bf7 30. Kg2 Qc3 31. Rd8 Qe5 32. Qa3 Qe7 33. Qb2+ Qf6 34. Rd4 h5 35. Qd2 Qe7 36. a4 Qc5 37. Rd8 Qe5 38. Ra8 Qf6 39. Qb4 Kh7 40. Qb8 1-0

[Event "UKR-chT 10th"]
[Site "Alushta"]
[Date "2002.04.13"]
[Round "4"]
[White "Eryomenko, Volodymyr"]
[Black "Miroshnichenko, Evgenij"]
[Result "1/2-1/2"]
[WhiteElo "2325"]
[BlackElo "2528"]
[PlyCount "133"]
[EventDate "2002.04.09"]
[EventType "team-swiss"]
[EventRounds "9"]
[EventCountry "UKR"]
[SourceTitle "EXT 2019"]
[Source "ChessBase"]
[SourceDate "2018.10.10"]
[SourceVersion "1"]
[SourceVersionDate "2018.10.10"]
[SourceQuality "1"]
[WhiteTeam "Odesa Ukrgazifikatsiya Yug"]
[BlackTeam "Zarevo Donetsk"]
[WhiteTeamCountry "UKR"]
[BlackTeamCountry "UKR"]

1. d4 Nf6 2. c4 g6 3. Nc3 Bg7 4. e4 0-0 5. f4 d6 6. Nf3 c5 7. d5 e6 8. Be2 b5 9. cxb5 exd5 10. e5 dxe5 11. fxe5 Ne4 12. Qxd5 Nxc3 13. Qxd8 Rxd8 14. bxc3 Nd7 15. Bf4 Re8 16. 0-0 Nxe5 17. Nxe5 Bxe5 18. Bf3 Rb8 19. Rae1 f6 20. Bd5+ Be6 21. Bxe5 fxe5 22. Bc6 Rf8 23. Rxf8+ Kxf8 24. Rxe5 Bxa2 25. Rxc5 Ke7 26. c4 Kd6 27. Rd5+ Ke6 28. Rd4 Ke5 29. Re4+ Kd6 30. Bd5 Kc5 31. Kf2 Rf8+ 32. Ke2 Rf6 33. Re7 Bxc4+ 34. Bxc4 Kxc4 35. Rxh7 Kxb5 36. Rxa7 Kb6 37. Ra3 Kc7 38. Rf3 Ra6 39. Rf7+ Kd8 40. h4 Ke8 41. Rf4 Ke7 42. Kf3 Ra3+ 43. Kg4 Ra2 44. g3 Ra5 45. Rf3 Rb5 46. Kf4 Kf6 47. g4 Ra5 48. Re3 Ra1 49. Rb3 Rf1+ 50. Kg3 Rg1+ 51. Kf3 Rf1+ 52. Kg2 Ra1 53. Rb6+ Kf7 54. Kg3 Ra4 55. Rd6 Rb4 56. g5 Ra4 57. Rf6+ Kg7 58. Rf4 Ra8 59. Kg4 Ra7 60. Rd4 Rf7 61. Rd6 Ra7 62. Kf4 Ra4+ 63. Ke5 Rxh4 64. Rd7+ Kg8 65. Kf6 Ra4 66. Rd6 Kh7 67. Rd7+ 1/2-1/2

[Event "UKR-chT 10th"]
[Site "Alushta"]
[Date "2002.04.10"]
[Round "1"]
[White "Oleksienko, Mikhailo"]
[Black "Eryomenko, Volodymyr"]
[Result "1/2-1/2"]
[WhiteElo "2207"]
[BlackElo "2325"]
[PlyCount "62"]
[EventDate "2002.04.09"]
[EventType "team-swiss"]
[EventRounds "9"]
[EventCountry "UKR"]
[SourceTitle "EXT 2019"]
[Source "ChessBase"]
[SourceDate "2018.10.10"]
[SourceVersion "1"]
[SourceVersionDate "2018.10.10"]
[SourceQuality "1"]
[WhiteTeam "Lwiw Carpathia-Galicia II"]
[BlackTeam "Odesa Ukrgazifikatsiya Yug"]
[WhiteTeamCountry "UKR"]
[BlackTeamCountry "UKR"]

1. e4 e5 2. Nf3 Nc6 3. Bb5 g6 4. 0-0 Bg7 5. c3 a6 6. Ba4 d6 7. h3 Nge7 8. d4 0-0 9. dxe5 Nxe5 10. Nxe5 dxe5 11. Bg5 Qxd1 12. Rxd1 f6 13. Be3 Be6 14. Nd2 Rfd8 15. Bb3 Kf7 16. a4 Nc6 17. Kf1 Bf8 18. Bxe6+ Kxe6 19. Ke2 a5 20. Nc4 b6 21. f4 Rxd1 22. Rxd1 Rd8 23. Rxd8 Nxd8 24. g4 Nb7 25. f5+ Kf7 26. Kd3 g5 27. Nd2 Bc5 28. b3 Bxe3 29. Kxe3 Nc5 30. Ke2 Ke7 31. Ke3 Kd7 1/2-1/2

[Event "Geller Memorial"]
[Site "Odessa"]
[Date "2001.07.07"]
[Round "5"]
[White "Eryomenko, Volodymyr"]
[Black "Fingerov, Dmitry"]
[Result "0-1"]
[WhiteElo "2151"]
[BlackElo "2407"]
[PlyCount "70"]
[EventDate "2001.07.03"]
[EventType "tourn"]
[EventRounds "11"]
[EventCountry "UKR"]
[EventCategory "4"]
[SourceTitle "CBM 083 Extra"]
[Source "ChessBase"]
[SourceDate "2001.09.11"]
[SourceVersion "1"]
[SourceVersionDate "2001.09.11"]
[SourceQuality "1"]

1. d4 d5 2. c4 dxc4 3. Nf3 c5 4. e3 cxd4 5. exd4 Be6 6. Nc3 Nf6 7. Bg5 Nd5 8. Qa4+ Qd7 9. Qxd7+ Nxd7 10. Bxc4 N7b6 11. Bb3 h6 12. Be3 g6 13. Ne4 Nd7 14. Rc1 Bg7 15. Nc5 Nxc5 16. Rxc5 Rd8 17. Ba4+ Kf8 18. 0-0 Bf6 19. Bb3 Kg7 20. Re1 Rd6 21. h3 Rhd8 22. Kh2 Rb6 23. Bd2 Rbd6 24. Be3 Nxe3 25. fxe3 Bxb3 26. axb3 Rb6 27. Rc3 Rb5 28. Ra1 a6 29. Ra4 e5 30. dxe5 Rxe5 31. Nd4 Rdd5 32. Rc7 Rxe3 33. Rxb7 Be5+ 34. g3 Rxg3 35. Nc6 Rxb3+ 0-1

[Event "UKR-ch U14"]
[Site "Simferopol"]
[Date "2001.??.??"]
[Round "?"]
[White "Eryomenko, Volodymyr"]
[Black "Ajrapetjan, Yuriy"]
[Result "0-1"]
[WhiteElo "2146"]
[BlackElo "2126"]
[PlyCount "54"]
[EventDate "2001.??.??"]
[EventType "tourn"]
[EventRounds "12"]
[EventCountry "UKR"]
[SourceTitle "EXT 2002"]
[Source "ChessBase"]
[SourceDate "2001.11.25"]
[SourceVersion "1"]
[SourceVersionDate "2001.11.25"]
[SourceQuality "1"]

1. d4 Nf6 2. c4 c5 3. d5 d6 4. Nc3 g6 5. Nf3 Bg7 6. h3 0-0 7. Bf4 Bf5 8. g4 Be4 9. Nxe4 Nxe4 10. Qc2 Qa5+ 11. Nd2 Nf6 12. Bg2 b5 13. 0-0 Nbd7 14. e4 Rfb8 15. Bg3 Ne8 16. f4 Nb6 17. cxb5 Bd4+ 18. Bf2 Qxb5 19. Bxd4 cxd4 20. a4 Qb4 21. Rfd1 d3 22. Qxd3 Nxa4 23. Nf3 Rc8 24. b3 Nc5 25. Qd2 Qxb3 26. Ng5 Qb6 27. Rab1 Nb3+ 0-1

[Event "UKR tt U18 3rd"]
[Site "Evpatoria"]
[Date "2001.??.??"]
[Round "?"]
[White "Eryomenko, Volodymyr"]
[Black "Palekha, Alexey"]
[Result "0-1"]
[WhiteElo "2146"]
[BlackElo "2138"]
[PlyCount "83"]
[EventDate "2001.05.11"]
[EventType "team"]
[EventRounds "7"]
[EventCountry "UKR"]
[SourceTitle "EXT 2003"]
[Source "ChessBase"]
[SourceDate "2002.11.25"]
[SourceVersion "1"]
[SourceVersionDate "2002.11.25"]
[SourceQuality "1"]

1. d4 d5 2. c4 e6 3. Nc3 c6 4. e3 f5 5. Bd3 Bd6 6. Nge2 Nf6 7. Qc2 0-0 8. f3 a6 9. Bd2 dxc4 10. Bxc4 b5 11. Bd3 c5 12. dxc5 Bxc5 13. 0-0-0 Nc6 14. a3 Ne5 15. Nf4 g5 16. Ne4 fxe4 17. Bxe4 Nxe4 18. Qxe4 Qc7 19. Qxa8 gxf4 20. Qe4 Bxe3+ 21. Kb1 Bb7 22. Qb4 Nd3 23. Qb3 Qc4 24. Qxc4 bxc4 25. Bc3 Bd5 26. Rhf1 Rf5 27. Be1 Rh5 28. h4 Rh6 29. g3 fxg3 30. Bxg3 Rg6 31. Bh2 Rg2 32. Bg1 Rxb2+ 33. Ka1 Re2 34. Bxe3 Rxe3 35. Rg1+ Kf7 36. h5 c3 37. h6 c2 38. Rxd3 Rxd3 39. Kb2 Bb3 40. Rg7+ Kf6 41. Rxh7 Rd1 42. Rc7 0-1

[Event "UKR-ch sf op"]
[Site "Alushta"]
[Date "2001.??.??"]
[Round "?"]
[White "Eryomenko, Volodymyr"]
[Black "Shilin, Denis"]
[Result "0-1"]
[WhiteElo "2146"]
[BlackElo "2437"]
[PlyCount "106"]
[EventDate "2001.04.17"]
[EventType "swiss"]
[EventRounds "9"]
[EventCountry "UKR"]
[SourceTitle "EXT 2003"]
[Source "ChessBase"]
[SourceDate "2002.11.25"]
[SourceVersion "1"]
[SourceVersionDate "2002.11.25"]
[SourceQuality "1"]

1. d4 Nf6 2. c4 Nc6 3. Nf3 e6 4. Nc3 Bb4 5. Qc2 a5 6. a3 Bxc3+ 7. Qxc3 a4 8. Bg5 h6 9. Bh4 g5 10. Bg3 d6 11. Nd2 Qe7 12. h4 g4 13. e4 e5 14. d5 Nd4 15. h5 Nd7 16. Bh4 f6 17. b4 axb3 18. Nxb3 Nxb3 19. Qxb3 Qf7 20. Bg3 Ra6 21. Be2 Nc5 22. Qe3 Rb6 23. Bd1 Rb2 24. Kf1 Qg7 25. Qc3 Rb6 26. Bc2 0-0 27. Ke2 f5 28. exf5 Bxf5 29. Rab1 Rxb1 30. Rxb1 Qh7 31. Rc1 Ra8 32. Kd1 Qf7 33. Qe3 Bxc2+ 34. Rxc2 Qxh5 35. Ke2 Rf8 36. Rc1 Kh7 37. Kd2 Ra8 38. Ke2 Qf5 39. f3 e4 40. f4 Nd3 41. Rc3 Rf8 42. Kd2 b6 43. Bh2 Kg6 44. g3 h5 45. Rb3 h4 46. Rb1 h3 47. Rb3 Nc5 48. Rc3 b5 49. Qd4 bxc4 50. Qxc4 Rb8 51. Ke3 Rb2 52. Rc2 Rxc2 53. Qxc2 Qxd5 0-1